000 00497nam a2200181Ia 4500
005 20250326142135.0
008 250326s9999 xx 000 0 und d
037 _aTextbook
040 _aFMSL
_beng
_cFMSL
041 _aeng
_2eng
084 _qFMSL
100 _aPfeiffer J W
_9741626
245 0 _a1984 annual developing human resources
_cPfeiffer J W; Goodstain L D
260 _aUniversity
_bUniversity, Associate
_c1984
300 _a301p
942 _cTB
999 _c1293625
_d1293625